Loading...
| Current Events | 3 | 13.33 | 100% | 33% | 0% |
| Fine Arts - Classical Music | 5 | 12.00 | 100% | 20% | 0% |
| Fine Arts - Other Fine Arts | 6 | 13.33 | 83% | 33% | 17% |
| Fine Arts - Painting and Sculpture | 4 | 22.50 | 100% | 75% | 50% |
| Geography | 2 | 15.00 | 100% | 50% | 0% |
| History - American History | 3 | 10.00 | 100% | 0% | 0% |
| History - European History | 7 | 18.57 | 100% | 71% | 14% |
| History - Other History | 5 | 10.00 | 80% | 20% | 0% |
| History - World History | 6 | 8.33 | 83% | 0% | 0% |
| Literature - American Literature | 3 | 13.33 | 67% | 33% | 33% |
| Literature - British Literature | 1 | 10.00 | 100% | 0% | 0% |
| Literature - European Literature | 5 | 8.00 | 60% | 0% | 20% |
| Literature - World Literature | 4 | 20.00 | 100% | 50% | 50% |
| Mythology | 4 | 17.50 | 100% | 75% | 0% |
| Philosophy | 2 | 15.00 | 100% | 50% | 0% |
| Pop Culture | 1 | 10.00 | 100% | 0% | 0% |
| Religion | 6 | 10.00 | 83% | 17% | 0% |
| Science - Biology | 4 | 12.50 | 75% | 50% | 0% |
| Science - Chemistry | 5 | 6.00 | 40% | 20% | 0% |
| Science - Other Science | 4 | 7.50 | 50% | 25% | 0% |
| Science - Physics | 5 | 10.00 | 80% | 20% | 0% |
| Social Science | 4 | 15.00 | 75% | 75% | 0% |